000 00507nam a2200181Ia 4500
005 20250317123140.0
008 008 250317s9999 xx 000 0 eng d
037 _aTextbook
040 _aFMSL
_beng
_cFMSL
041 _aeng
_2eng
084 _aB28 N4
_qFMSL
100 _aRobson C
_9740065
245 0 _aExperiment, design and statistics in psychology
260 _aLondon
_bLondon, Penguin Book
_c1974
300 _a174p
942 _cTB
_hB28 N4
999 _c1250069
_d1250069